000
00265nam a22001217a 4500
008
170411b xxu||||| |||| 00| 0 eng d
041
_a
eng
080
_a
612.39
100
_a
9
101
_a
SHM
245
_a
A MANUAL OF SOIL FUNGI
_c
GILMAN, J.C
942
_2
udc
_c
BK
999
_c
10317
_d
10317